| 000 | 00941cad a22002415a 4500 | ||
|---|---|---|---|
| 001 | E150031 | ||
| 008 | 100525s2010 xxk f000 0 eng u | ||
| 020 | _a9781859463703 | ||
| 035 | _a(Sirsi) u150031 | ||
| 041 | 0 | _aeng | |
| 050 | 0 | 4 | _a692.2 $2 18 |
| 110 | 1 |
_aUnited Kingdom _bHM Government _95056 |
|
| 245 | 0 | 0 |
_aApproved document F _bmeans of ventilation _h[electronic resource] |
| 250 | _a2010 edition | ||
| 260 |
_aLondon _bHM Government _c2006 |
||
| 520 | _aTaking effect on 1 October 2010, this approved document deals with the requirement of part F of schedule 1 to the Building Regulations 2000. | ||
| 590 | _aKA | ||
| 650 | 2 | 4 | _aBUILDING REGULATIONS 2000 APPROVED DOCUMENT F (2010 EDITION) |
| 651 | 4 |
_aEngland and Wales _y1543- |
|
| 690 |
_aBuilding regulations _96224 |
||
| 856 | 4 | 0 |
_uhttps://www.planningportal.gov.uk/uploads/br/BR_PDF_ADF_2010.pdf _zView the item free of charge at www.planningportal.gov.uk |
| 942 | _n0 | ||
| 999 |
_c110703 _d110703 |
||